Villes traversées par l'autoroute A4 - autoroute de l'est - Statistiques

Statistiques générales
  • Ce quiz a été pris 75 fois
    60 depuis la dernière actualisation
  • Le résultat moyen est 12 sur 19
Statistiques - réponses
Ville Population Kilomètre % Correct
Paris 2 094 945 0
98%
Reims 177 236 134
98%
Strasbourg 298 361 482
98%
Metz 122 696 326
96%
Meaux 56 623 41
81%
Châlons-en-Champagne 43 222 170
72%
Château-Thierry 15 526 85
70%
Verdun 15 998 254
70%
Haguenau 36 145 462
57%
Noisy-le-Grand 72 506 13
55%
Sarreguemines 20 316 390
53%
Forbach 20 877 369
51%
Saint-Avold 14 687 362
51%
Saverne 11 458 438
49%
Schiltigheim 35 372 479
45%
Champigny-sur-Marne 78 426 8
43%
Saint-Maur-des-Faussés 75 668 5
43%
Sarrebourg 12 396 422
43%
Vincennes 48 798 2
38%
Aucun quiz correspondant
Distribution des résultats
% des personnes avec chaque résultat
Percentile par nombre de réponses
Votre historique - résultats
Vous n’avez pas pris ce quiz depuis la dernière actualisation